Documento firmado por Juán Joseph de Eguiara y Eguren y Don Ignacio Bartolomé de Parra acusando al Padre Joseph Andrés Fernández (Record no. 4860)
[ view plain ]
| 000 -CABECERA | |
|---|---|
| campo de control de longitud fija | 02419nam a2200337 a 4500 |
| 001 - NÚMERO DE CONTROL | |
| campo de control | BRCA_5166 |
| 005 - FECHA Y HORA DE LA ÚLTIMA TRANSACCIÓN | |
| campo de control | 20190320204952.0 |
| 008 - DATOS DE LONGITUD FIJA--INFORMACIÓN GENERAL | |
| campo de control de longitud fija | 231110s1741----mx-######v---#000-0#spa-# |
| 041 ## - CÓDIGO DE LENGUA | |
| Código de lengua del texto/banda sonora o título independiente | spa |
| 044 ## - CÓDIGO DEL PAÍS DE LA ENTIDAD EDITORA/PRODUCTORA | |
| Código MARC del país | mx |
| 084 ## - OTRO NÚMERO DE CLASIFICACIÓN | |
| Número de clasificación | DOC122 |
| Número de documento/Ítem | .E38 |
| -- | 1741 |
| 100 1# - ENTRADA PRINCIPAL--NOMBRE DE PERSONA | |
| Nombre de persona | Eguiara y Eguren, Juán Joseph de |
| Fechas asociadas al nombre | 1695-1763 |
| 9 (RLIN) | 13213 |
| 245 10 - MENCIÓN DE TÍTULO | |
| Título | Documento firmado por Juán Joseph de Eguiara y Eguren y Don Ignacio Bartolomé de Parra acusando al Padre Joseph Andrés Fernández |
| Mención de responsabilidad, etc. | Juán Joseph de Eguiara y Eguren ... [et al.]. |
| 260 ## - PUBLICACIÓN, DISTRIBUCIÓN, ETC. | |
| Lugar de publicación, distribución, etc. | San Luis de la Paz, México |
| Fecha de publicación, distribución, etc. | 1741 |
| 300 ## - DESCRIPCIÓN FÍSICA | |
| Extensión | [28] fojas |
| Dimensiones | 32 x 22cm |
| 500 ## - NOTA GENERAL | |
| Nota general | Documento firmado en 1741 |
| 500 ## - NOTA GENERAL | |
| Nota general | El señor inquisidor Fiscal del Santo Oficio de México, se dirige al Padre Andrés Fernández, Profeso de Cuarto Voto de la Compañía de Jesús y Superior actual del Hospicio de la Villa de León, acusado por el padre Joseph María Monaco, profeso de cuarto Voto de la Compañía de la Nación Italiana de haber dicho: ´Aunque de suyo es malo decir misa en pecado mortal; de suyo más se agrada a Dios de la obra tan grande que es el Santo Sacrificio de la Misa, de lo que se desagrada de la indignidad del Ministro; y más antes la diría que dejarla, de dar a Dios, obsequio tan grande o que privar a las ánimas de aquél sufragio. Antes quiero que me cojan en un pecado contra el sexto, en una fortificación o en adulterio que en dicha mentira leve.´ Presenta análisis muy interesante del derecho Canónico con citas en latín del estudio de estas faltas, firmadas por Don Juán Joseph de Eguiara y Eguren y Don Ignacio Bartolomé de Parra |
| 500 ## - NOTA GENERAL | |
| Nota general | El documento contiene la leyenda DOC. #290 |
| 500 ## - NOTA GENERAL | |
| Nota general | Papel con marca de agua |
| 500 ## - NOTA GENERAL | |
| Nota general | Estado de conservación: contiene acidificación, roturas por rasgos de polilla, márgenes maltratados |
| 506 0# - NOTA DE RESTRICCIONES AL ACCESO | |
| Limitaciones de acceso | Fondo reservado: para su consulta es necesario credencial de usuario y carta de motivos |
| 546 ## - NOTA DE LENGUA/LENGUAJE | |
| Nota de lengua/lenguaje | Texto en: español de mediados del siglo XVIII |
| 600 14 - PUNTO DE ACCESO ADICIONAL DE MATERIA--NOMBRE DE PERSONA | |
| Nombre de persona | Eguiara y Eguren, Juán Joseph de |
| Fechas asociadas al nombre | 1695-1763 |
| 9 (RLIN) | 13213 |
| 650 14 - PUNTO DE ACCESO ADICIONAL DE MATERIA--TÉRMINO DE MATERIA | |
| Término de materia o nombre geográfico como elemento de entrada | Documentos legales |
| Subdivisión de forma | Manuscrito |
| Subdivisión general | Historia |
| 9 (RLIN) | 12460 |
| 651 #4 - PUNTO DE ACCESO ADICIONAL DE MATERIA--NOMBRE GEOGRÁFICO | |
| Nombre geográfico | México |
| Subdivisión general | Inquisición Santo Oficio |
| 9 (RLIN) | 13214 |
| 700 1# - PUNTO DE ACCESO ADICIONAL--NOMBRE DE PERSONA | |
| Nombre de persona | Parra, Ignacio Bartolomé de |
| Títulos y otros términos asociados al nombre | Padre |
| 9 (RLIN) | 13215 |
| 700 1# - PUNTO DE ACCESO ADICIONAL--NOMBRE DE PERSONA | |
| Nombre de persona | Monaco, Joseph María |
| Títulos y otros términos asociados al nombre | Misionero |
| Fechas asociadas al nombre | 1704-1744 |
| 9 (RLIN) | 13216 |
| 700 1# - PUNTO DE ACCESO ADICIONAL--NOMBRE DE PERSONA | |
| Nombre de persona | Fernández de Ipenza, Andrés |
| Títulos y otros términos asociados al nombre | Padre e inquisidor |
| Fechas asociadas al nombre | [?-1643] |
| 9 (RLIN) | 13217 |
| 902 ## - CATALOGADOR | |
| Iniciales | FDH |
| 942 ## - ELEMENTOS DE PUNTO DE ACCESO ADICIONAL (KOHA) | |
| Fuente del sistema de clasificación o colocación | Library of Congress Classification |
| Tipo de ítem Koha | Documentos |
| Estado de retiro | Estado de pérdida | Estado dañado | No para préstamo | Localización permanente | Ubicación/localización actual | Fecha de adquisición | Total de préstamos | Signatura topográfica completa | Código de barras | Fecha visto por última vez | Precio válido a partir de | Tipo de ítem Koha |
|---|---|---|---|---|---|---|---|---|---|---|---|---|
| El ejemplar forma parte de la colección y puede ser consultado según las políticas vigentes. | Biblioteca del Museo Franz Mayer (Rogerio Casas-Alatriste) | Biblioteca del Museo Franz Mayer (Rogerio Casas-Alatriste) | 23/11/2010 | DOC122 .E38 1741 | 5510 | 22/03/2019 | 22/03/2019 | Documentos |